LIBRARY & INFORMATION CENTRE, KCAET, TAVANUR

ONLINE PUBLIC ACCESS CATALOGUE (OPAC)

Teach yourself local Government / (Record no. 11133)

MARC details
000 -LEADER
fixed length control field 00413cam a2200169ua 4500
041 ## - LANGUAGE CODE
Language code of text/sound track or separate title eng
082 ## - DEWEY DECIMAL CLASSIFICATION NUMBER
Classification number 320.8
Item number GOL/TE
100 ## - MAIN ENTRY--AUTHOR NAME
Personal name Golding, L .
245 ## - TITLE STATEMENT
Title Teach yourself local Government /
250 ## - EDITION STATEMENT
Edition statement 3 /
260 ## - PUBLICATION, DISTRIBUTION, ETC. (IMPRINT)
Place of publication London :
Name of publisher English Universities Press ,
Year of publication 1964.
300 ## - PHYSICAL DESCRIPTION
Number of Pages 192 ; .
500 ## - GENERAL NOTE
General note ref
942 ## - ADDED ENTRY ELEMENTS (KOHA)
Koha item type Books
Holdings
Withdrawn status Lost status Damaged status Home library Current library Date acquired Full call number Accession Number Koha item type
Withdrawn     KAUAET Sanskrit University 07/04/2012 320.8 9813 Books
free website counter